Eastern Utah Libraries Catalog: Duchesne, Heber, Roosevelt, & Vernal

The Nutcracker and the four realms / (Record no. 240762)

MARC details
000 -LEADER
fixed length control field 04579cgm a2200925Ki 4500
001 - CONTROL NUMBER
control field on1078542500
003 - CONTROL NUMBER IDENTIFIER
control field OCoLC
005 - DATE AND TIME OF LATEST TRANSACTION
control field 20190130091733.0
007 - PHYSICAL DESCRIPTION FIXED FIELD--GENERAL INFORMATION
fixed length control field vd cvaizs
008 - FIXED-LENGTH DATA ELEMENTS--GENERAL INFORMATION
fixed length control field 181115p20192018cau099 j vleng d
040 ## - CATALOGING SOURCE
Original cataloging agency W8N
Language of cataloging eng
Transcribing agency W8N
Modifying agency SSH
-- OCLCO
-- TEF
-- ILE
-- GK8
-- OCLCF
-- IHY
-- BKL
-- IEP
-- INB
-- UINTA
024 10 - OTHER STANDARD IDENTIFIER
Standard number or code 786936860870
028 42 - PUBLISHER NUMBER
Publisher number 152090
Source Buena Vista Home Video
035 ## - SYSTEM CONTROL NUMBER
System control number (OCoLC)1078542500
041 0# - LANGUAGE CODE
Language code of text/sound track or separate title eng
-- fre
-- spa
-- eng
-- fre
-- spa
Language code of original and/or intermediate translations of text eng
046 ## - SPECIAL CODED DATES
Type of date code s
Beginning or single date created 2018
Source of date edtf
050 #4 - LIBRARY OF CONGRESS CALL NUMBER
Classification number PN1997.2
Item number .N87 2019
082 04 - DEWEY DECIMAL CLASSIFICATION NUMBER
Classification number 791.43/72
Edition number 23
049 ## - LOCAL HOLDINGS (OCLC)
Holding library UCLB
245 04 - TITLE STATEMENT
Title The Nutcracker and the four realms /
Statement of responsibility, etc Disney presents a Mark Gordon production ; screenplay by Ashleigh Powell ; directors, Lasse Hallstr�om, Joe Johnston.
246 3# - VARYING FORM OF TITLE
Title proper/short title Disney the nutcracker and the four realms
Medium [DVD]
257 ## - COUNTRY OF PRODUCING ENTITY FOR ARCHIVAL FILMS
Country of producing entity United States
-- naf
260 ## - PUBLICATION, DISTRIBUTION, ETC. (IMPRINT)
Place of publication, distribution, etc Burbank, CA :
Name of publisher, distributor, etc Buena Vista Home Video,
Date of publication, distribution, etc [2019]
264 #4 - Production, Publication, Distribution, Manufacture, and Copyright Notice.
Date of production, publication, distribution, manufacture, or copyr �2019
300 ## - PHYSICAL DESCRIPTION
Extent 1 videodisc (ca. 99 min.) :
Other physical details sd., col. ;
Dimensions 4 3/4 in.
336 ## - Content Type
Content type term two-dimensional moving image
337 ## - Media type
Media type term video
338 ## - Carrier type
Carrier type term videodisc
346 ## -
-- NTSC
347 ## -
-- DVD video
347 ## -
-- region 1
-- rdare
380 ## -
-- Motion pictures
-- lcgft
538 ## - SYSTEM DETAILS NOTE
System details note DVD, NTSC, Region 1.
546 ## - LANGUAGE NOTE
Language note English, French or Spanish dialogue; French or Spanish subtitles; English subtitles for the deaf and hard of hearing (SDH); descriptive audio.
511 1# - PARTICIPANT OR PERFORMER NOTE
Participant or performer note Mackenzie Foy, Keira Knightley, Morgan Freeman, Misty Copeland, Helen Mirren, Tom Sweet, Meera Syal, Ellie Bamber, Matthew Macfadyen, Nick Mohammed.
508 ## - CREATION/PRODUCTION CREDITS NOTE
Creation/production credits note Music by James Newton Howard ; director of photgraphy, Linus Sandgren ; film editor, Stuart Levy ; production design by Guy Hendrix Dyas ; choreography by Liam Scarlett.
500 ## - GENERAL NOTE
General note Originally released as a motion picture in 2018.
521 8# - TARGET AUDIENCE NOTE
Target audience note MPAA rating: PG.
520 ## - SUMMARY, ETC.
Summary, etc When Clara's mother leaves her a key, she embarks on a journey to four secret realms--where she discovers her greatest strength could change the world.
650 #0 - SUBJECT ADDED ENTRY--TOPICAL TERM
Topical term or geographic name as entry element Magic
Form subdivision Juvenile films.
9 (RLIN) 5712530
650 #0 - SUBJECT ADDED ENTRY--TOPICAL TERM
Topical term or geographic name as entry element Imaginary places
Form subdivision Juvenile films.
9 (RLIN) 5764642
650 #0 - SUBJECT ADDED ENTRY--TOPICAL TERM
Topical term or geographic name as entry element Locks and keys
Form subdivision Juvenile films.
9 (RLIN) 5764643
650 #0 - SUBJECT ADDED ENTRY--TOPICAL TERM
Topical term or geographic name as entry element Heroes
Form subdivision Juvenile films.
9 (RLIN) 5703859
650 #7 - SUBJECT ADDED ENTRY--TOPICAL TERM
Topical term or geographic name as entry element Heroes.
Source of heading or term fast
-- (OCoLC)fst00955558
9 (RLIN) 85259
650 #7 - SUBJECT ADDED ENTRY--TOPICAL TERM
Topical term or geographic name as entry element Locks and keys.
Source of heading or term fast
-- (OCoLC)fst01001710
9 (RLIN) 87076
655 #7 - INDEX TERM--GENRE/FORM
Genre/form data or focus term Fantasy films.
Source of term lcgft
9 (RLIN) 102694
655 #7 - INDEX TERM--GENRE/FORM
Genre/form data or focus term Action and adventure films.
Source of term lcgft
9 (RLIN) 5674017
655 #7 - INDEX TERM--GENRE/FORM
Genre/form data or focus term Fiction films.
Source of term lcgft
9 (RLIN) 5674705
655 #7 - INDEX TERM--GENRE/FORM
Genre/form data or focus term Feature films.
Source of term lcgft
9 (RLIN) 102699
655 #7 - INDEX TERM--GENRE/FORM
Genre/form data or focus term Film adaptations.
Source of term lcgft
9 (RLIN) 5764644
655 #7 - INDEX TERM--GENRE/FORM
Genre/form data or focus term Video recordings for the hearing impaired.
Source of term lcgft
9 (RLIN) 5764645
655 #7 - INDEX TERM--GENRE/FORM
Genre/form data or focus term Video recordings for people with visual disabilities.
Source of term lcgft
9 (RLIN) 5676923
655 #7 - INDEX TERM--GENRE/FORM
Genre/form data or focus term Action and adventure films.
Source of term fast
-- (OCoLC)fst01710568
9 (RLIN) 5674017
655 #7 - INDEX TERM--GENRE/FORM
Genre/form data or focus term Drama.
Source of term fast
-- (OCoLC)fst01423879
9 (RLIN) 5673873
655 #7 - INDEX TERM--GENRE/FORM
Genre/form data or focus term Fantasy films.
Source of term fast
-- (OCoLC)fst01710304
9 (RLIN) 102694
700 1# - ADDED ENTRY--PERSONAL NAME
Personal name Hallstr�om, Lasse,
Relator term film director.
9 (RLIN) 5764646
700 1# - ADDED ENTRY--PERSONAL NAME
Personal name Johnston, Joe,
Dates associated with a name 1950-
Relator term film director.
9 (RLIN) 51359
700 1# - ADDED ENTRY--PERSONAL NAME
Personal name Powell, Ashleigh,
Relator term screenwriter.
9 (RLIN) 5764647
700 1# - ADDED ENTRY--PERSONAL NAME
Personal name Foy, Mackenzie,
Dates associated with a name 2000-
Relator term actor.
9 (RLIN) 5764648
700 1# - ADDED ENTRY--PERSONAL NAME
Personal name Knightley, Keira,
Dates associated with a name 1985-
Relator term actor.
9 (RLIN) 69837
700 1# - ADDED ENTRY--PERSONAL NAME
Personal name Freeman, Morgan,
Relator term actor.
9 (RLIN) 59622
700 1# - ADDED ENTRY--PERSONAL NAME
Personal name Mirren, Helen,
Relator term actor.
9 (RLIN) 29939
700 1# - ADDED ENTRY--PERSONAL NAME
Personal name Copeland, Misty,
Relator term actor.
9 (RLIN) 5692695
700 1# - ADDED ENTRY--PERSONAL NAME
Personal name Syal, Meera,
Relator term actor.
9 (RLIN) 5764649
700 1# - ADDED ENTRY--PERSONAL NAME
Personal name Bamber, Ellie,
Dates associated with a name 1997-
Relator term actor.
9 (RLIN) 5764650
700 1# - ADDED ENTRY--PERSONAL NAME
Personal name Macfadyen, Matthew,
Dates associated with a name 1974-
Relator term actor.
9 (RLIN) 72719
700 1# - ADDED ENTRY--PERSONAL NAME
Personal name Mohammed, Nick,
Relator term actor.
9 (RLIN) 5764651
700 1# - ADDED ENTRY--PERSONAL NAME
Personal name Howard, James Newton,
Relator term composer (expression)
9 (RLIN) 34915
700 1# - ADDED ENTRY--PERSONAL NAME
Personal name Sandgren, Linus,
Relator term director of photography.
9 (RLIN) 5764652
700 1# - ADDED ENTRY--PERSONAL NAME
Personal name Levy, Stuart
Titles and other words associated with a name (Film editor),
Relator term editor of moving image work.
9 (RLIN) 5764653
700 1# - ADDED ENTRY--PERSONAL NAME
Personal name Dyas, Guy,
Dates associated with a name 1968-
Relator term production designer.
9 (RLIN) 5747718
700 1# - ADDED ENTRY--PERSONAL NAME
Personal name Scarlett, Liam,
Relator term choreographer (expression)
9 (RLIN) 5764654
700 1# - ADDED ENTRY--PERSONAL NAME
-- Adaptation of (work):
Personal name Hoffmann, E. T. A.
Fuller form of name (Ernst Theodor Amadeus),
Dates associated with a name 1776-1822.
Title of a work Nussknacker und Mausek�onig.
9 (RLIN) 5728257
710 2# - ADDED ENTRY--CORPORATE NAME
Corporate name or jurisdiction name as entry element Walt Disney Studios Motion Pictures,
Relator term production company.
9 (RLIN) 5764655
710 2# - ADDED ENTRY--CORPORATE NAME
Corporate name or jurisdiction name as entry element Mark Gordon Company,
Relator term production company.
9 (RLIN) 56470
710 2# - ADDED ENTRY--CORPORATE NAME
Corporate name or jurisdiction name as entry element Buena Vista Home Video (Firm)
9 (RLIN) 61023
856 7# - ELECTRONIC LOCATION AND ACCESS
Materials specified View cover art
Uniform Resource Identifier <a href="http://midwesttapes.com/images/movies/000/000/000/012/248/000000000012248171.jpg">http://midwesttapes.com/images/movies/000/000/000/012/248/000000000012248171.jpg</a>
Access method http
856 42 - ELECTRONIC LOCATION AND ACCESS
Materials specified Internet Movie Database
Uniform Resource Identifier <a href="https://www.imdb.com/title/tt5523010/">https://www.imdb.com/title/tt5523010/</a>
994 ## -
-- C0
-- UINTA
Holdings
Withdrawn status Lost status Source of classification or shelving scheme Damaged status Not for loan Collection code Home library Current library Shelving location Date acquired Source of acquisition Cost, normal purchase price Total Checkouts Total Renewals Full call number Barcode Date last seen Date checked out Cost, replacement price Price effective from Koha item type
    Dewey Decimal Classification     Movies Wasatch County Library Wasatch County Library Audio Visual Area 03/09/2019 Amazon 29.99 40 19 DVD Nut 34301001628348 12/22/2025 12/05/2025 29.99 03/20/2020 DVD
This project was made possible through a grant from the Institute of Museum and Library Service administered by the Utah State Library Division.

Wasatch County Library

  • 465 East 1200 South, Heber City, Utah 84032
  • Phone 435-654-1511 | Fax 435-654-6456

Hours

  • Monday - Friday 9:30 AM - 8:00 PM
  • Saturday 9:30 AM - 1:30 PM
  • Closed Sundays and Holidays